000 00381nam a22001337a 4500
020 _a970991256389
050 _aHB 172.5
_b.S55
100 _aShariati, Mehdi S.
245 _aContemporary macroecomics:
_bperspective, principles and policies
_c Mehdi S.Shariati
260 _aAmerica:
_bCritical Discourse Press
300 _a499p.:
650 _bReligion
_vEconomy
942 _2lcc
_cGEN
999 _c5273
_d5273